000 00790nam a2200217Ia 4500
001 6981
003 GE_BSU
008 181216s||||||||xx |||||||||||||| ||und||
040 _cGE_BSU
080 _a681.2(035.5)
100 _aКошарский,Б.Д. Бек,В.А. Безновская,Т.Х. и др.
245 _aАвтоматические приборы и регуляторы.
245 _bСправочные материалы.
245 _cПод общ. ред. Б.Д.Кошарского; ред.:В.И.Луцык, Ю.Н.Тимченко.
260 _aМ.-Л.
260 _bМашиностроение.
260 _c1964.
300 _a704стр. с илл. 26см.
653 _aАвтоматические приборы и регуляторы.
942 _cBK
999 _c40373
_d40373